Jute: (Record no. 36267)
[ view plain ]
| 000 -LEADER | |
|---|---|
| fixed length control field | 00667nam a2200217 a 4500 |
| 001 - CONTROL NUMBER | |
| control field | 36267 |
| 003 - CONTROL NUMBER IDENTIFIER | |
| rucl marc code | BD-RjUL |
| 005 - DATE AND TIME OF LATEST TRANSACTION | |
| control field | 20211209052449.0 |
| 008 - FIXED-LENGTH DATA ELEMENTS--GENERAL INFORMATION | |
| fixed length control field | 190212s1957 pk a 001 0 eng |
| 035 ## - SYSTEM CONTROL NUMBER | |
| System control number | (BD-RjUL)36364 |
| 040 ## - CATALOGING SOURCE | |
| Original cataloging agency | DLC |
| Transcribing agency | OAU |
| Modifying agency | BD-RjUL |
| Language of cataloging | eng |
| 041 ## - LANGUAGE CODE | |
| Language code of text/sound track or separate title | eng |
| 082 ## - DEWEY DECIMAL CLASSIFICATION NUMBER | |
| Classification number | 338.17354 |
| Author mark and year | JUT 1957 |
| Edition number | 23 |
| 245 00 - TITLE STATEMENT | |
| Title | Jute: |
| Remainder of title | the golden fibre / |
| Statement of responsibility, etc. | edited and compiled by Serajul Islam Choudhury. |
| 250 ## - EDITION STATEMENT | |
| Edition statement | 1st ed. |
| 260 ## - PUBLICATION, DISTRIBUTION, ETC. (IMPRINT) | |
| Place of publication, distribution, etc. | Dacca: |
| Name of publisher, distributor, etc. | Pakistan Today Press, |
| Date of publication, distribution, etc. | [1957] |
| 300 ## - PHYSICAL DESCRIPTION | |
| Pagination | 461 p. : |
| Illustrations | Ill. ; |
| Size | 36 cm. |
| 650 ## - SUBJECT ADDED ENTRY--TOPICAL TERM | |
| Topical term or geographic name as entry element | Jute |
| General subdivision | History |
| 9 (RLIN) | 228100 |
| Geographic subdivision | East Pakistan (Bangldesh) |
| 700 ## - ADDED ENTRY--PERSONAL NAME | |
| Personal name | Choudhury, Serajul Islam, ed. & comp. |
| 942 ## - ADDED ENTRY ELEMENTS (KOHA) | |
| Source of classification or shelving scheme | Dewey Decimal Classification |
| Koha item type | Books |
| Lost status | Source of classification or shelving scheme | Damaged status | Not for loan | Collection code | Permanent Location | Current Location | Shelving location | Date acquired | Total Checkouts | Full call number | Date last seen | Copy number | Koha item type |
|---|---|---|---|---|---|---|---|---|---|---|---|---|---|
| Dewey Decimal Classification | Not For Loan | Rare Books | Central Library, University of Rajshahi | Central Library, University of Rajshahi | Rare Book Section | 12/02/2019 | RA 338.17354 JUT 1957 | 12/02/2019 | C-1 | Rare Books |